000 00967cam a22003017a 4500
003 CHAP
005 20220329135759.0
008 971013s r 00010 d
010 _a41979
011 _a42951
035 _a47081
040 _cCHAP
090 _aR-1681
100 0 0 _aFowler, Melvin L.
_942789
245 1 2 _aA preclassic water distribution system in Amalucan, México
500 _aSobretiro de : Archaeology 22(3):208-215, 1969
590 _aBATCH-UPD
_b10
_c20130110
_lUCH01
_h0218
590 _aBATCH-UPD
_b10
_c20130110
_lUCH01
_h2323
590 _aBATCH-UPD
_b10
_c20130409
_lUCH01
_h2237
590 _aBATCH-UPD
_b10
_c20130410
_lUCH01
_h1613
590 _aBATCH-UPD
_b10
_c20130914
_lUCH01
_h1434
590 _aCONVERSION
_b10
_c20130109
_lUCH01
_h1323
650 1 4 _aIrrigación
_xHistoria
_xMéxico.
_960417
650 1 4 _aIrrigación
_xHistoria
_xPuebla.
_960419
901 _aBK
942 _cREIMP
949 _aR-1681
_bBC
_cR
_d-107126
_eTS1
_i47081
_si
999 _c41979
_d41979